Statistics for Formula 1 2018 Driver Standings

Click here to take the quiz!

General Stats

  • This quiz has been taken 136 times
  • The average score is 15 of 20

Answer Stats

PositionPointsDriver% Correct
1st408Lewis Hamilton
100%
2nd320Sebastian Vettel
98%
3rd251Kimi Räikkönen
97%
5th247Valtteri Bottas
94%
4th249Max Verstappen
93%
6th170Daniel Ricciardo
90%
7th69Nico Hülkenberg
77%
8th62Sergio Pérez
74%
13th39Charles Leclerc
73%
11th50Fernando Alonso
73%
9th56Kevin Magnussen
73%
10th53Carlos Sainz Jr.
72%
18th6Lance Stroll
69%
17th9Marcus Ericsson
68%
14th37Romain Grosjean
66%
15th29Pierre Gasly
64%
12th49Esteban Ocon
61%
16th12Stoffel Vandoorne
59%
19th4Brendon Hartley
58%
20th1Sergey Sirotkin
58%

Score Distribution

Percentile by Number Answered

Percent of People with Each Score

Your Score History

You have not taken this quiz